| 000 | 00965nam a22002415a 4500 | ||
|---|---|---|---|
| 003 | OSt | ||
| 005 | 20170117113506.0 | ||
| 008 | 170116s2016 xx frb 000 0 ara d | ||
| 040 |
_aEG-ScBUE _bara _cEG-ScBUE _dEG-ScBUE |
||
| 082 | 0 | 4 |
_a345 _bش ا ذ _222 |
| 100 | 1 |
_aشاذلي، فتوح عبد الله، _d1948- |
|
| 245 | 1 | 2 |
_aالقانون الدولي الجنائي / _cفتوح عبد الله الشاذلي. |
| 250 | _aط. 2، مزيدة ومنقحة. | ||
| 260 |
_a[د. م. : _bد. ن.]، _c2016. |
||
| 300 |
_aمج. 1 (567 ص.) ؛ _c24 سم. |
||
| 504 | _aيشتمل على إرجاعات ببليوجرافية. | ||
| 505 | 2 | _aمج. 1. أوليات القانون الدولي الجنائي النظرية العامة للجريمة الدولية. | |
| 650 | 7 |
_a القانون الدولي الجنائي. _2BUEsh |
|
| 650 | 7 |
_aالجرائم الدولية. _2BUEsh _940971 |
|
| 651 | _2BUEsh | ||
| 653 |
_bLLAAWW _cJanuary2017 |
||
| 942 | _2ddc | ||
| 999 |
_c23956 _d23928 |
||